| 000 | 00836pab a2200157 454500 | ||
|---|---|---|---|
| 008 | 180718b2000 xxu||||| |||| 00| 0 eng d | ||
| 100 | _aDhanda, Meena | ||
| 245 | _aRepresentation for women: should feminists support quotas? | ||
| 260 | _c2000 | ||
| 300 | _ap.2969-976 | ||
| 362 | _a12 Aug | ||
| 520 | _aJustifications for gender quotas in legislative bodies must move beyond an evaluation of the consequences of such a policy. It is a mistake to think that gender quotas will essentialise or trap women in their identity as women. Different women have been excluded from parliamentary politics in different ways, and it is necessary to devise political measures for their inclusion which take these differences into account. - Reproduced | ||
| 650 | _aWomen in politics | ||
| 773 | _aEconomic and Political Weekly | ||
| 909 | _a45882 | ||
| 999 |
_c45882 _d45882 |
||